[Event "IND AICF-ch blind 18th"]
[Site "Odisha"]
[Date "2025.04.05"]
[Round "8"]
[White "Rohit, Atmaram Jadhav"]
[Black "Aryan, B Joshi"]
[Result "0-1"]
[WhiteElo "1668"]
[BlackElo "1952"]
[PlyCount "62"]
[EventDate "2025.04.02"]
[EventType "swiss"]
[EventRounds "9"]
[EventCountry "IND"]
[SourceTitle "CB15_2025"]
[SourceDate "2025.04.09"]
[SourceVersion "1"]
[SourceVersionDate "2025.04.09"]
[SourceQuality "1"]

1. d4 Nf6 2. c4 e6 3. Nc3 Bb4 4. e3 0-0 5. Bd2 b6 6. Nf3 Bb7 7. Bd3 Bxc3 8. Bxc3 Ne4 9. Bxe4 Bxe4 10. 0-0 d6 11. Qe2 f5 12. Nd2 Qh4 13. f3 Bb7 14. Qf2 Qh5 15. Rfe1 Rf6 16. Nf1 Rh6 17. b4 Nd7 18. Bd2 Rf8 19. e4 f4 20. Bc3 Rff6 21. a4 Rfg6 22. Bd2 e5 23. d5 Bc8 24. Kh1 Rg5 25. g4 Qg6 26. h4 Nf6 27. Nh2 Rxg4 28. fxg4 Nxg4 29. Nxg4 Qxg4 30. Qg2 Qxh4+ 31. Kg1 Bh3 0-1